Statistics for Animals in the Bible French

Click here to take the quiz!

General Stats

  • This quiz has been taken 9 times
  • The average score is 13 of 21

Answer Stats

HintAnswer% Correct
Le aigleEagle
100%
Le poissonFish
100%
Le chevalHorse
100%
Le lionLion
100%
Le PigeonPigeon
100%
Le DragonDragon
89%
Le chèvreGoat
89%
Le RenardFox
78%
Le moutonSheep
78%
Le loupWolf
78%
Le SerpentSerpent
67%
Le ChameauCamel
56%
Le corbeauCrow
56%
Le cerfDeer
56%
L’agneauLamb
56%
Le bétailCattle
33%
La colombeDove
33%
La sauterelleLocust
33%
La grueCrane
11%
La bicheDoe
0%
Le pourceauSwine
0%

Score Distribution

Percentile by Number Answered

Percent of People with Each Score

Your Score History

You have not taken this quiz